| 000 | 01149nam a2200301 i 4500 | ||
|---|---|---|---|
| 003 | EG-GICUC | ||
| 005 | 20260121101531.0 | ||
| 008 | 251222s1961 ua ||||fr|||| 00| 0 ara d | ||
| 040 |
_a EG-GICUC _bara _c EG-GICUC _d EG-GICUC _erda |
||
| 041 | 0 | _a ara | |
| 082 | 0 | 4 |
_221 _a345.3 _bم ح . أ |
| 092 | 0 | 4 | _221 |
| 099 | _aLaw1 07 345.3 م ح . أ 1 ed - 1961 | ||
| 100 | 0 |
_aمحمد عصفور _eمؤلف. |
|
| 245 | 1 | 0 |
_aأزمة الحريات : _bفي المعسكرين الشرقي والغربي / _cالدكتور محمد عصفور. |
| 250 | _aالطبعة الأولى | ||
| 264 |
_a[دون مكان نشر] : _b[دون ناشر]، _c1961. |
||
| 300 |
_a337 ؛صفحة _c24 سم. |
||
| 336 |
_2rda content _atext |
||
| 337 |
_2rda media _aComputer |
||
| 338 |
_2rda carrier _aOnline Resource |
||
| 504 | _a.337 ببليوجرافيا: صفحات. | ||
| 546 | _aالنص أغلبه باللغة العربية بعض النصوص الإنجليزية والفرنسية | ||
| 650 | 1 | 4 | _aالقانون الإداري |
| 856 | 4 | 0 | _uhttps://fll.law.cu.edu.eg/fulltext/bks/B07-01287.pdf |
| 905 |
_a32 _eYara |
||
| 942 |
_2ddc _cBK _e21 _n0 |
||
| 999 |
_c52105 _d52105 |
||